| 000 | 00330nam a2200133Ia 4500 | ||
|---|---|---|---|
| 008 | 231129s1974||||xx |||||||||||||| ||spa|| | ||
| 040 | _bspa | ||
| 082 | _a796.357 P116f | ||
| 100 | _aPacheco Antonio | ||
| 245 | 0 | _aFundamentos practica y conocimiento del beisbol | |
| 260 | _c1974 | ||
| 264 | _aColdeportes | ||
| 942 |
_2ddc _cBKS |
||
| 999 |
_c14239 _d14239 |
||